Biblioteka Instytutu Północnego w Olsztynie

Widok standardowy Widok MARC

Pozycja Personal Name

Liczba rekordów, w których użyto hasła: 4

001 - Numer kontrolny

  • control field: 564

003 - Identyfikator numeru kontrolnego

  • control field: OLSZT 008

005 - Data i czas ostatniej modyfikacji

  • control field: 20240610220007.0

008 - Dane kontrolne kodowane (40 znaków)

  • fixed length control field: 960206n||a| nnaabn |a aaa |c

010 ## - Numer kontrolny Biblioteki Kongresu

  • numer kontrolny LC: n 96001381

024 7# - OTHER STANDARD IDENTIFIER

  • Standard number or code: http://viaf.org/viaf/56658556
  • Source of number or code: uri

024 7# - OTHER STANDARD IDENTIFIER

  • Standard number or code: http://isni.org/isni/0000000071410825
  • Source of number or code: uri

024 7# - OTHER STANDARD IDENTIFIER

  • Standard number or code: https://www.wikidata.org/wiki/Q322499
  • Source of number or code: uri

024 7# - OTHER STANDARD IDENTIFIER

  • Standard number or code: http://nukat.edu.pl/aut/n 96001381
  • Source of number or code: uri

039 #9 -

  • : 202111190014
  • : VLOAD
  • : 202111181118
  • : fmkk
  • : 202111171448
  • : vosso
  • : 202111171347
  • : vosso
  • : 200205310931
  • : load

040 ## - Instytucja sporządzająca rekord

  • inst. przygot. dane do rek. khw: WA U/JL
  • inst. wprow. rek. khw: WA U/JL
  • inst. modyf. rek. khw: WR O/AKs
  • inst. modyf. rek. khw: KR 303/DW
  • inst. modyf. rek. khw: POZN U/AnK
  • inst. modyf. rek. khw: TOR U/MM
  • inst. modyf. rek. khw: LUBL U/GA
  • inst. modyf. rek. khw: KR U/04KUL
  • inst. modyf. rek. khw: OLSZT 003/ER
  • inst. modyf. rek. khw: WR O/IS
  • inst. modyf. rek. khw: WA U/MKK

043 ## - Kod obszaru geograficznego

  • ISO code: PL

046 ## - Special dates

  • Birth date: 1869
  • Death date: 1939

100 1# - Hasło - nazwa osobowa

  • nazwa osobowa w formie ujednoliconej: Estreicher, Stanisław
  • daty biograficzne: (1869-1939).

370 ## - Associated place

  • Place of birth: Kraków (Polska).
  • Auth control #: http://nukat.edu.pl/aut/s 94114911
  • Source of term: kaba

370 ## - Associated place

  • Place of death: Sachsenhausen (Niemcy ; obóz koncentracyjny).
  • Auth control #: http://nukat.edu.pl/aut/s 98051480
  • Source of term: kaba

370 ## - Associated place

  • Country: Zabór austriacki.
  • Auth control #: http://nukat.edu.pl/aut/s 2003100493
  • Source of term: kaba

370 ## - Associated place

  • Country: Polska.
  • Auth control #: http://nukat.edu.pl/aut/s 94110000
  • Source of term: kaba

370 ## - Associated place

  • Residence/HQ: Kraków (Polska).
  • Auth control #: http://nukat.edu.pl/aut/s 94114911
  • Source of term: kaba

370 ## - Associated place

  • Country: Austro-Węgry.
  • Auth control #: http://nukat.edu.pl/aut/s 97050404
  • Source of term: kaba

372 ## - Field of activity

  • Field: Prawo.
  • Auth control #: http://nukat.edu.pl/aut/s 94013097
  • Source of term: kaba

372 ## - Field of activity

  • Field: Historia.
  • Auth control #: http://nukat.edu.pl/aut/s 94205867
  • Source of term: kaba

372 ## - Field of activity

  • Field: Bibliografia.
  • Auth control #: http://nukat.edu.pl/aut/s 95012012
  • Source of term: kaba

373 ## - Associated Group

  • Associated group: Uniwersytet Jagielloński.
  • Start period: 1895
  • End period: 1939
  • Auth control #: http://nukat.edu.pl/aut/n 94208821

373 ## - Associated Group

  • Associated group: Polska Akademia Umiejętności (1919-1952).
  • Start period: 1919
  • End period: 1939
  • Auth control #: http://nukat.edu.pl/aut/n 94011031

373 ## - Associated Group

  • Associated group: Towarzystwo Miłośników Historii i Zabytków Krakowa.
  • Start period: 1896
  • Auth control #: http://nukat.edu.pl/aut/n 96016095

373 ## - Associated Group

  • Associated group: Akademia Umiejętności (Kraków).
  • Start period: 1912
  • End period: 1919
  • Auth control #: http://nukat.edu.pl/aut/n 94011030

373 ## - Associated Group

  • Associated group: Unia Narodowo-Państwowa.
  • Start period: 1922
  • Auth control #: http://nukat.edu.pl/aut/n 2007045668

374 ## - Occupation

  • Occupation: Historycy.
  • Auth control #: http://nukat.edu.pl/aut/s 94205772
  • Source of term: kaba

374 ## - Occupation

  • Occupation: Prawnicy.
  • Auth control #: http://nukat.edu.pl/aut/s 95011492
  • Source of term: kaba

374 ## - Occupation

  • Occupation: Bibliografowie.
  • Auth control #: http://nukat.edu.pl/aut/s 97054961
  • Source of term: kaba

374 ## - Occupation

  • Occupation: Nauczyciele akademiccy.
  • Auth control #: http://nukat.edu.pl/aut/s 97050877
  • Source of term: kaba

374 ## - Occupation

  • Occupation: Publicyści.
  • Auth control #: http://nukat.edu.pl/aut/s 2020300653
  • Source of term: kaba

374 ## - Occupation

  • Occupation: Naukowcy.
  • Auth control #: http://nukat.edu.pl/aut/s 98051060
  • Source of term: kaba

375 ## - Gender

  • Gender: 1
  • Source of term: iso5218

377 ## - Assoc lang

  • Lang code: pol

400 1# - Trop zob. - nazwa osobowa

  • nazwa osobowa (nazwisko, imiona): Estreicher, St.

400 1# - Trop zob. - nazwa osobowa

  • nazwa osobowa (nazwisko, imiona): Estreicher, Stanislaus.

400 1# - Trop zob. - nazwa osobowa

  • nazwa osobowa (nazwisko, imiona): Estreicher, Stan.

400 0# - Trop zob. - nazwa osobowa

  • nazwa osobowa (nazwisko, imiona): Rawicz.

400 1# - Trop zob. - nazwa osobowa

  • nazwa osobowa (nazwisko, imiona): Estreicher, S.

400 1# - Trop zob. - nazwa osobowa

  • nazwa osobowa (nazwisko, imiona): Estreicher, Stanisław Ambroży.

400 0# - Trop zob. - nazwa osobowa

  • nazwa osobowa (nazwisko, imiona): St. E.

400 0# - Trop zob. - nazwa osobowa

  • nazwa osobowa (nazwisko, imiona): e-r.

500 1# - Trop zob. też - nazwa osobowa

  • nazwa osobowa (nazwisko, imiona): Krupski, Jan.

670 ## - Źródło informacji

  • źródło informacji: PSB

670 ## - Źródło informacji

  • źródło informacji: Pożoga : wspomnienia z Wołynia 1917-1919 / Zofja Kossak-Szczucka. - Kraków, 1922.
  • gdzie znaleziono informację: Przedm.

670 ## - Źródło informacji

  • źródło informacji: Acta rectoralia Almae Universitatis Studii Cracoviensis. T. 2. Continens annos 1536-1580 / editionem curavit Stanislaus Estreicher. - Cracovia, 1909.

670 ## - Źródło informacji

  • źródło informacji: Kp. Szkice i studja historyczne. T.1 / Michał Bobrzyński. - Kraków, 1922.
  • gdzie znaleziono informację: Przedm. (Stan. Estraichera)

670 ## - Źródło informacji

  • źródło informacji: Kp. O znaczeniu idei związku uszlachetniania pracy dla Monarchii austryackiej / Adolf Vetter. - Kraków, 1912.
  • gdzie znaleziono informację: Przeł. Rawicz.

670 ## - Źródło informacji

  • źródło informacji: BNPol online

670 ## - Źródło informacji

  • źródło informacji: Kp. O naprawę Rzeczypospolitej / K. W. Kumaniecki [et al.]. - Kraków, 1922.
  • gdzie znaleziono informację: Współautor (S. Estreicher)

670 ## - Źródło informacji

  • źródło informacji: DNB online

670 ## - Źródło informacji

  • źródło informacji: BNF-NA

670 ## - Źródło informacji

  • źródło informacji: pl.wikipedia, 19.10.2021
  • adres internetowy: https://pl.wikipedia.org/wiki/Stanis%C5%82aw_Estreicher

670 ## - Źródło informacji

  • źródło informacji: LCA online

670 ## - Źródło informacji

  • źródło informacji: Kp. Szopka krakowska / spisał, objaśnił i opracował dr Jan Krupski. - Kraków, 1904.

670 ## - Źródło informacji

  • źródło informacji: PseudPP

670 ## - Źródło informacji

  • źródło informacji: Bar

999 ## -

  • : VIRTUA40 x

999 ## -

  • : VTLSSORT0010*0080*0100*0240*0241*0242*0243*0400*0430*0460*1000*3700*3701*3702*3703*3704*3705*3720*3721*3722*3730*3731*3732*3733*3734*3740*3741*3742*3743*3744*3745*3750*3770*4000*4001*4002*4003*4004*4005*4006*4007*5000*6670*6700*6701*6702*6703*6704*6705*6706*6707*6708*6709*67010*67011*67012*67013*9992
Biblioteka Instytutu Północnego, ul. Partyzantów 87, 10-402 Olsztyn, email: biblioteka(at)ip.olsztyn.pl